1317 1572 1610 1631 1157 1359 1805 1264 1048 1958 1680 1969 1663 1747 1991 1878 1593 1776 1595 1746 1838 1007 1010 1356 1208 1124 1206 1109 1344 1045 1159 1643 1372 1957 1826 1719 1808 1305 2000 1877 1975 1095 1094 1050 1060 1773 1018 1973 1834 1358 1632 1322 1804 1257 1289 1011 1135 1445 1310 1668 1592 1590 1856 1000 1492 1349 1435 1563 1299 1043 1955 1853 1160 1319 1794 1842 1427 1996 1996 1973 1354 1612 1993 1029 1996 1882 1127 1039 1032 1759 1346 1211 1032 1056 1203 1515 1349 1348 1301 BCNSPRNW ULIB Ver.6.0+V

เปลี่ยนเป็นภาษาไทย

Change to English
 แสดงรายละเอียดบรรณานุกรม
  กลับหน้าหลัก

Brief Record : Get Marc (ISO 2709) : E-mail record : QR code < ปิดหน้าต่าง
LEADER : 00000nam 2200000uu 4500
001    13399111603
003     ULIB
008    110627s||||||||th 000 0 tha d
020    9786165020060
090    นว.^bก832ค 2552
100 0  เก้าแต้ม
245 00 คิมหันต์มายา/^cเก้าแต้ม
250    พิมพ์ครั้งที่ 2
260    กรุงเทพฯ :^bสถาพรบุ๊คส์,^c2552
300    354 หน้า
945    ^p240^l0^i028088
995    ทศพร
999 ^a ใช้งานได้ทุกระบบ
รายการนี้ยังไม่มีแท็ก
คุณยังไม่ได้ล็อกอิน คุณสามารถมีกิจกรรมร่วมกับเว็บไซต์ได้ แต่ต้องล็อกอินก่อน ::
  ล็อกอิน

รายการสื่อสารสนเทศ

ลำดับที่ ประเภท เลขเรียก/บาร์โค้ด สถานที่ สถานะ
- ไม่พบข้อมูล -

รายการใกล้เคียง
    ผู้แต่ง [เก้าแต้ม]

BibComment


ยังไม่เคยถูกคอมเมนท์

คอมเมนท์ทรัพยากรรายการนี้
  คอมเมนท์: คิมหันต์มายา เก้า..


 Copyright 2026. Bcnsprnw @Library